<?xml version="1.0" encoding="UTF-8"?>
<record
    xmlns:xsi="http://www.w3.org/2001/XMLSchema-instance"
    xsi:schemaLocation="http://www.loc.gov/MARC21/slim http://www.loc.gov/standards/marcxml/schema/MARC21slim.xsd"
    xmlns="http://www.loc.gov/MARC21/slim">

  <leader>03152cam a2200325 i 4500</leader>
  <controlfield tag="001">20796746</controlfield>
  <controlfield tag="003">OSt</controlfield>
  <controlfield tag="005">20231116085651.0</controlfield>
  <controlfield tag="008">190103s2019    mduab    b    001 0 eng  </controlfield>
  <datafield tag="010" ind1=" " ind2=" ">
    <subfield code="a">  2018060882</subfield>
  </datafield>
  <datafield tag="020" ind1=" " ind2=" ">
    <subfield code="a">9781538121641</subfield>
    <subfield code="q">(hardcover)</subfield>
  </datafield>
  <datafield tag="020" ind1=" " ind2=" ">
    <subfield code="a">9781538121658</subfield>
    <subfield code="q">(softcover)</subfield>
  </datafield>
  <datafield tag="040" ind1=" " ind2=" ">
    <subfield code="a">DLC</subfield>
    <subfield code="b">eng</subfield>
    <subfield code="c">DLC</subfield>
    <subfield code="e">rda</subfield>
    <subfield code="d">DLC</subfield>
  </datafield>
  <datafield tag="042" ind1=" " ind2=" ">
    <subfield code="a">pcc</subfield>
  </datafield>
  <datafield tag="050" ind1="0" ind2="0">
    <subfield code="a">P96.I5</subfield>
    <subfield code="b">G53 2020</subfield>
  </datafield>
  <datafield tag="082" ind1="0" ind2="0">
    <subfield code="a">302.2</subfield>
    <subfield code="2">23</subfield>
  </datafield>
  <datafield tag="245" ind1="0" ind2="0">
    <subfield code="a">Global communication :</subfield>
    <subfield code="b">a multicultural perspective /</subfield>
    <subfield code="c">edited by Yahya R. Kamalipour.</subfield>
  </datafield>
  <datafield tag="250" ind1=" " ind2=" ">
    <subfield code="a">Third ed.</subfield>
  </datafield>
  <datafield tag="260" ind1=" " ind2=" ">
    <subfield code="a">Lanham : </subfield>
    <subfield code="b">Rowman &amp; Littlefield, </subfield>
    <subfield code="c">c2020.</subfield>
  </datafield>
  <datafield tag="300" ind1=" " ind2=" ">
    <subfield code="a">xxxviii, 454 pages :</subfield>
    <subfield code="b">illustrations, maps ;</subfield>
    <subfield code="c">26 cm</subfield>
  </datafield>
  <datafield tag="500" ind1=" " ind2=" ">
    <subfield code="a">Revised edition of Global communication. c2007.</subfield>
  </datafield>
  <datafield tag="504" ind1=" " ind2=" ">
    <subfield code="a">Includes bibliographical references and index.</subfield>
  </datafield>
  <datafield tag="505" ind1="0" ind2=" ">
    <subfield code="a">Following the historical paths of global communication / Allen Palmer, Brigham Young University -- Global economy and international telecommunications networks / Harmeet Sawhney, Indiana University, Bloomington -- The transnational media corporation and the economics of global competition / Richard A. Gershon, Western Michigan University -- Drawing a bead on global communication theories / John D. H. Downing, Southern Illinois University, Carbondale -- The politics of global communication / Cees J. Hamelink, University of Amsterdam -- Global communication law / Jan H. Samoriski, Tiffin University, Ohio -- Milestones in communication and national development / Vibert C. Cambridge, Ohio University, Athens -- Global news and information flow in the digital age / Kuldip R. Rampal, Central Missouri State University -- Global broadcasting: from sputnik to the internet / Lars Lundgren, Sodertorn University, Sweden, Benjamin A. Davis, California State University Northridge -- Global journalism in the digital age / John V. Pavlik, Rutgers University -- Global communication and propaganda / Richard C. Vincent, Indiana State University -- Implications of the global internet network: challenges and prospects / George A. Barnett, University of California Davis, Devan Rosen, Ithaca College, New York -- Global advertising and public relations / Marina Vujnovic, Monmouth University, New Jersey, Dean Kruckeberg, University of Northern Iowa -- Global communication and culture / Yeim Kaptan, Kent State University -- Gender, ethnicity, and religion in the digital age / Theresa Carilli and Jane Campbell, Purdue University Northwest -- The shifting politics in global media and communication / Monroe E. Price, University of Pennsylvania -- Global communication trends in the digital age / Mike Friedrichsen, Berlin University of Digital Sciences, Germany -- List of acronyms -- Suggested readings -- Index.</subfield>
  </datafield>
  <datafield tag="650" ind1=" " ind2="0">
    <subfield code="a">Communication, International.</subfield>
    <subfield code="9">55664</subfield>
  </datafield>
  <datafield tag="700" ind1="1" ind2=" ">
    <subfield code="a">Kamalipour, Yahya R.,</subfield>
    <subfield code="e">editor.</subfield>
    <subfield code="9">55665</subfield>
  </datafield>
  <datafield tag="776" ind1="0" ind2="8">
    <subfield code="i">Online version:</subfield>
    <subfield code="t">Global communication</subfield>
    <subfield code="b">Third Edition.</subfield>
    <subfield code="d">Lanham : Rowman &amp; Littlefield, [2020]</subfield>
    <subfield code="z">9781538121665</subfield>
    <subfield code="w">(DLC) 2019003561</subfield>
  </datafield>
  <datafield tag="906" ind1=" " ind2=" ">
    <subfield code="a">7</subfield>
    <subfield code="b">cbc</subfield>
    <subfield code="c">orignew</subfield>
    <subfield code="d">1</subfield>
    <subfield code="e">ecip</subfield>
    <subfield code="f">20</subfield>
    <subfield code="g">y-gencatlg</subfield>
  </datafield>
  <datafield tag="942" ind1=" " ind2=" ">
    <subfield code="2">lcc</subfield>
    <subfield code="c">BK</subfield>
  </datafield>
  <datafield tag="999" ind1=" " ind2=" ">
    <subfield code="c">67764</subfield>
    <subfield code="d">67738</subfield>
  </datafield>
  <datafield tag="952" ind1=" " ind2=" ">
    <subfield code="0">0</subfield>
    <subfield code="1">0</subfield>
    <subfield code="2">lcc</subfield>
    <subfield code="4">0</subfield>
    <subfield code="7">0</subfield>
    <subfield code="8">GEN</subfield>
    <subfield code="a">CPL</subfield>
    <subfield code="b">CPL</subfield>
    <subfield code="c">GEN</subfield>
    <subfield code="d">2023-10-19</subfield>
    <subfield code="e">Purchase - Regent Book Supplies</subfield>
    <subfield code="g">55.03</subfield>
    <subfield code="l">0</subfield>
    <subfield code="o">P 96.I5G53 2020</subfield>
    <subfield code="p">T16839W3232</subfield>
    <subfield code="r">2023-11-16 08:58:03</subfield>
    <subfield code="t">1</subfield>
    <subfield code="w">2023-11-16</subfield>
    <subfield code="y">BK</subfield>
  </datafield>
</record>
